000 00881nam a2200133Ia 4500
008 220620s9999||||xx |||||||||||||| ||und||
020 _a9783040000000
245 0 _aNew Trends in Asymmetric Catalysis
546 _aEnglish[eng]
650 _aN-heterocyclic carbenes (NHC)||Lewis acid||cooperative catalysis||asymmetric synthesis||umpolung||amines||imines||photoredox catalysis||radical additions||radical–radical couplings||stereoselectivity||umpolung chemistry||visible light||proline||organocatalysis||asymmetric aldol reaction||methanol/water mixtures||sustainability||asymmetric catalysis||salen complexes||ring-opening||epoxide||kinetic resolution||organic electrosynthesis||electrochemistry||enantioselectivity||transition-metal catalysis||n/a
700 _aDella Sala, Giorgio||Schettini, Rosaria
856 _uhttps://mdpi.com/books/pdfview/book/3905
942 _cEB
999 _c28822
_d28822